<?xml version="1.0" encoding="UTF-8"?>
<record
    xmlns:xsi="http://www.w3.org/2001/XMLSchema-instance"
    xsi:schemaLocation="http://www.loc.gov/MARC21/slim http://www.loc.gov/standards/marcxml/schema/MARC21slim.xsd"
    xmlns="http://www.loc.gov/MARC21/slim">

  <leader>01146nam2a22002531  4500</leader>
  <controlfield tag="001">RU\NLR\INFOCOMM18\1000227206</controlfield>
  <controlfield tag="005">20250617020211.0</controlfield>
  <datafield tag="035" ind1=" " ind2=" ">
    <subfield code="a">(NLR Aleph) 002362298</subfield>
  </datafield>
  <datafield tag="090" ind1=" " ind2=" ">
    <subfield code="a">4546298</subfield>
    <subfield code="c">4546298</subfield>
  </datafield>
  <datafield tag="100" ind1=" " ind2=" ">
    <subfield code="a">20041123d1982    |||y0rusy50      ca</subfield>
  </datafield>
  <datafield tag="101" ind1="0" ind2=" ">
    <subfield code="a">rus</subfield>
  </datafield>
  <datafield tag="102" ind1=" " ind2=" ">
    <subfield code="a">RU</subfield>
  </datafield>
  <datafield tag="105" ind1=" " ind2=" ">
    <subfield code="a">y   |||||||||</subfield>
  </datafield>
  <datafield tag="200" ind1="1" ind2=" ">
    <subfield code="a">&#x41E;&#x43F;&#x435;&#x440;&#x430;&#x442;&#x43E;&#x440;&#x44B; &#x441;&#x43E;&#x432;&#x435;&#x442;&#x441;&#x43A;&#x43E;&#x433;&#x43E; &#x445;&#x443;&#x434;&#x43E;&#x436;&#x435;&#x441;&#x442;&#x432;&#x435;&#x43D;&#x43D;&#x43E;&#x433;&#x43E; &#x43A;&#x438;&#x43D;&#x43E;</subfield>
    <subfield code="f">&#x412;.&#x412;. &#x418;&#x432;&#x430;&#x43D;&#x43E;&#x432;&#x430;</subfield>
  </datafield>
  <datafield tag="210" ind1=" " ind2=" ">
    <subfield code="d">1982</subfield>
    <subfield code="a">&#x411;. &#x43C;.</subfield>
  </datafield>
  <datafield tag="461" ind1=" " ind2="0">
    <subfield code="1">001RU\NLR\INFOCOMM18\1000227162</subfield>
    <subfield code="1">2001#$a&#x418;&#x43D;&#x444;&#x43E;&#x440;&#x43C;&#x430;&#x446;&#x438;&#x44F;$f&#x412;&#x441;&#x435;&#x441;&#x43E;&#x44E;&#x437;. &#x43E;&#x431;-&#x43D;&#x438;&#x435; "&#x421;&#x43E;&#x44E;&#x437;&#x438;&#x43D;&#x444;&#x43E;&#x440;&#x43C;&#x43A;&#x438;&#x43D;&#x43E;" &#x413;&#x43E;&#x441;&#x43A;&#x438;&#x43D;&#x43E; &#x421;&#x421;&#x421;&#x420;$v1982, &#x2116;21(380)</subfield>
    <subfield code="9">4546190</subfield>
    <subfield code="a">"&#x421;&#x43E;&#x44E;&#x437;&#x438;&#x43D;&#x444;&#x43E;&#x440;&#x43C;&#x43A;&#x438;&#x43D;&#x43E;", &#x43E;&#x431;&#x44A;&#x435;&#x434;&#x438;&#x43D;&#x435;&#x43D;&#x438;&#x435;</subfield>
    <subfield code="c">&#x41C;.</subfield>
    <subfield code="d">1981-</subfield>
    <subfield code="f">&#x412;&#x441;&#x435;&#x441;&#x43E;&#x44E;&#x437;. &#x43E;&#x431;-&#x43D;&#x438;&#x435; "&#x421;&#x43E;&#x44E;&#x437;&#x438;&#x43D;&#x444;&#x43E;&#x440;&#x43C;&#x43A;&#x438;&#x43D;&#x43E;" &#x413;&#x43E;&#x441;&#x43A;&#x438;&#x43D;&#x43E; &#x421;&#x421;&#x421;&#x420;</subfield>
    <subfield code="t">&#x418;&#x43D;&#x444;&#x43E;&#x440;&#x43C;&#x430;&#x446;&#x438;&#x44F;</subfield>
    <subfield code="v">1982, &#x2116;21(380)</subfield>
  </datafield>
  <datafield tag="700" ind1=" " ind2="1">
    <subfield code="4">070</subfield>
    <subfield code="a">&#x418;&#x432;&#x430;&#x43D;&#x43E;&#x432;&#x430;</subfield>
    <subfield code="b">&#x412;. &#x412;.</subfield>
    <subfield code="c">&#x442;&#x435;&#x430;&#x442;&#x440;&#x43E;&#x432;&#x435;&#x434;</subfield>
    <subfield code="f">1921-1996</subfield>
    <subfield code="g">&#x412;&#x435;&#x440;&#x430; &#x412;&#x438;&#x43A;&#x442;&#x43E;&#x440;&#x43E;&#x432;&#x43D;&#x430;</subfield>
    <subfield code="9">227557</subfield>
    <subfield code="3">RU\NLR\AUTH\770227613</subfield>
  </datafield>
  <datafield tag="801" ind1=" " ind2="1">
    <subfield code="a">RU</subfield>
    <subfield code="b">InfoComm</subfield>
    <subfield code="c">20041123</subfield>
  </datafield>
  <datafield tag="801" ind1=" " ind2="0">
    <subfield code="a">RU</subfield>
    <subfield code="b">NLR</subfield>
    <subfield code="g">PSBO</subfield>
  </datafield>
  <datafield tag="852" ind1=" " ind2=" ">
    <subfield code="a">NLR</subfield>
    <subfield code="j">&#x41F;49/1740</subfield>
  </datafield>
  <datafield tag="942" ind1=" " ind2=" ">
    <subfield code="c">ISSUE</subfield>
  </datafield>
  <datafield tag="980" ind1=" " ind2=" ">
    <subfield code="a">NB</subfield>
  </datafield>
  <datafield tag="980" ind1=" " ind2=" ">
    <subfield code="a">RUSPER</subfield>
  </datafield>
</record>
